Canadian/USA/UK Logos #2 - Statistics

General Stats
  • This quiz has been taken 32 times
  • The average score is 11 of 20
Answer Stats
Picture Answer % Correct
Allstate
76%
Nando's
76%
Waffle House
76%
CBC
68%
Circle K
68%
Premier League
68%
A&W
60%
Home Hardware
56%
Morrisons
56%
Rite Aid
56%
Boston Market
48%
Booster Juice
44%
Del Taco
44%
Hudson's Bay Company
44%
Rogers
44%
Manulife
40%
no name
36%
Sobeys
36%
Future Shop
32%
Fuddruckers
24%
No matching quizzes found
Score Distribution
Percent of People with Each Score
Percentile by Number Answered
Your Score History
You have not taken this quiz